Resolving Disputes in Second Century BCE Herakleopolis : A Study in Jewish Legal Reasoning in Hellenistic Egypt /
Resolving Disputes challenges the consensus that the petitions to the leaders of "the πολίτευμα of the Jews in Herakleopolis" (P.Polit.Iud. 8.4-5) prove that while the Ptolemies granted Jews limited self-governance according to their ancestral traditions, the petitioners nonetheless relied...
المؤلف الرئيسي:
التنسيق: كتاب الكتروني
اللغة: English
منشور في:
Leiden ; Boston :
Brill,
2022.
سلاسل:
Supplements to the Journal for the Study of Judaism ;
201.
Biblical Studies, Ancient Near East and Early Christianity E-Books Online, Collection 2022.
الموضوعات:
الوصول للمادة أونلاين: Login to view Source
الوسوم: إضافة وسم
رقم الطلب: KL2806.5
| LEADER | 03367nam a22004938i 4500 | ||
|---|---|---|---|
| 001 | BRILL9789004508286 | ||
| 003 | nllekb | ||
| 005 | 20220414152832.0 | ||
| 006 | m d | ||
| 007 | cr un uuuua | ||
| 008 | 220331s2022 ne sb 001 0 eng d | ||
| 020 | |a 9789004508286 |q (electronic book) | ||
| 020 | |a 9789004505636 |q (print) | ||
| 024 | 7 | |a 10.1163/9789004508286 |2 DOI | |
| 035 | |a (OCoLC)1305847414 | ||
| 040 | |a NL-LeKB |c NL-LeKB |e rda | ||
| 050 | 4 | |a KL2806.5 | |
| 072 | 7 | |a HRJ |2 bicssc | |
| 072 | 7 | |a REL |x 040000 |2 bisacsh | |
| 082 | 0 | 4 | |a 340.532 |2 23 |
| 100 | 1 | |a Kugler, Robert A., |e author. | |
| 245 | 1 | 0 | |a Resolving Disputes in Second Century BCE Herakleopolis : |b A Study in Jewish Legal Reasoning in Hellenistic Egypt / |c Robert A. Kugler. |
| 246 | 3 | |a A Study in Jewish Legal Reasoning in Hellenistic Egypt | |
| 264 | 1 | |a Leiden ; |a Boston : |b Brill, |c 2022. | |
| 300 | |a 1 online resource. | ||
| 336 | |a text |b txt |2 rdacontent | ||
| 337 | |a computer |b c |2 rdamedia | ||
| 338 | |a online resource |2 rdacarrier | ||
| 490 | 1 | |a Supplements to the Journal for the Study of Judaism ; |v 201 | |
| 490 | 1 | |a Biblical Studies, Ancient Near East and Early Christianity E-Books Online, Collection 2022 | |
| 504 | |a Includes bibliographical references and index. | ||
| 505 | 0 | 0 | |t Preliminary Material / |r Robert A. Kugler -- |t Copyright page / |r Robert A. Kugler -- |t Preface and Acknowledgements / |r Robert A. Kugler -- |t Introduction / |r Robert A. Kugler -- |t Chapter 2 Reading Petitions, Recovering Legal Reasoning / |r Robert A. Kugler -- |t Chapter 3 Delicts against the Person / |r Robert A. Kugler -- |t Chapter 4 On Marriage and Family / |r Robert A. Kugler -- |t Chapter 5 On Loans, Leases, Sales, and Labor Agreements / |r Robert A. Kugler -- |t Chapter 6 Concluding Reflections / |r Robert A. Kugler -- |t Bibliography / |r Robert A. Kugler -- |t Index of Ancient Sources / |r Robert A. Kugler. |
| 520 | |a Resolving Disputes challenges the consensus that the petitions to the leaders of "the πολίτευμα of the Jews in Herakleopolis" (P.Polit.Iud. 8.4-5) prove that while the Ptolemies granted Jews limited self-governance according to their ancestral traditions, the petitioners nonetheless relied almost exclusively on Ptolemaic Greek law to make their agreements and settle their arguments. Reading the appeals in their proper juridical context, this study shows how these Jewish petitioners in fact made sophisticated use of their ancestral norms, drawing from them principles that complemented and contradicted prevailing Greek law. The Jews appealing to the leaders of the πολίτευμα in Herakleopolis embraced Torah. | ||
| 588 | |a Description based on print version record. | ||
| 650 | 0 | |a Egyptian law. | |
| 650 | 0 | |a Jewish law. | |
| 650 | 0 | |a Law. | |
| 776 | 0 | 8 | |i Print version: |t Resolving Disputes in Second Century BCE Herakleopolis : A Study in Jewish Legal Reasoning in Hellenistic Egypt. |d Leiden ; Boston : Brill, 2022 |z 9789004505636 |w (OCoLC)1301486852 |
| 830 | 0 | |a Supplements to the Journal for the Study of Judaism ; |v 201. | |
| 830 | 0 | |a Biblical Studies, Ancient Near East and Early Christianity E-Books Online, Collection 2022. | |
| 856 | 4 | |z DOI: |u http://dx.doi.org/10.1163/9789004508286 | |
| 942 | |2 lcc |c EBOOK | ||
| 952 | |0 0 |1 0 |2 lcc |4 0 |7 1 |9 39784 |a BRILL |b BRILL |d 2022-04-14 |l 0 |r 2022-04-14 00:00:00 |w 2022-04-14 |y EBOOK | ||
| 999 | |c 47237 |d 47237 | ||
